000 00966nam a2200229 i 4500
001 122436
003 ES-MaACL
005 20231226211013.0
007 t|
008 070214s1949 sp r ||||1| spa d
100 1 _aPrimo de Rivera, José Antonio,
_d1903-1936
_9142533
245 1 0 _aObras completas de José Antonio Primo de Rivera /
_crecopilación y ordenación de los textos originales hechas por los camaradas Agustín del Río Cisneros y Enrique Conde Gargallo.
260 _aMadrid :
_bDirección General de Propaganda,
_c1949.
300 _a815 p. ;
_c25 cm.
610 2 4 _aFalange Española.
_94083
651 4 _aEspaña-
_xHistoria-
_y1931-1939, II República.
_98283
700 1 _aRío Cisneros, Agustín del,
_d1909-1992
_997318
700 1 _aConde Gargollo, Enrique.
_940121
710 2 _aMovimiento Nacional (España).
_bDelegación Nacional de Prensa, Propaganda y Radio.
_95783
852 _aES-MaACL
_jF-5168
_bR.28651
999 _c122436
_d122436